[Event "AUTO-ADV-1567"]
[Site "http://www.queenalice.com/game.php?id=748844"]
[Date "2010.3.20"]
[Round "2"]
[White "Santista38"]
[Black "limovsksan"]
[Result "0-1"]
[WhiteElo "1949"]
[BlackElo "1919"]

1. d4 d5 2. Bf4 e6 3. a3 Nf6 4. Nc3 a6 5. Nf3 Bd6 6. Bg5 h6 7. Bxf6 Qxf6 8. e3
O-O 9. Be2 Nc6 10. O-O Bd7 11. e4 dxe4 12. Nxe4 Qg6 13. Bd3 f5 14. Nxd6 cxd6 15.
Bc4 b5 16. Bb3 Na5 17. Ba2 Nc4 18. Bxc4 bxc4 19. Re1 Rae8 20. Qd2 Bc6 21. Qf4
Bxf3 22. Qxf3 d5 23. Qg3 Qxg3 24. fxg3 f4 25. gxf4 Rxf4 26. c3 Rf5 27. Rf1 Ref8
28. Rxf5 Rxf5 29. Re1 Kf7 30. Rf1 Rxf1+ 31. Kxf1 Kf6 32. Kf2 e5 33. dxe5+ Kxe5
34. Ke3 g5 35. g4 a5 36. a4 Ke6 37. Kd4 Kd6 38. h3 Kc6 39. Ke5 Kc5 40. Kf6 d4
41. cxd4+ Kxd4 42. Ke6 c3 43. bxc3+ Kxc3 44. Kf6 Kb3 45. Kg6 Kxa4 46. Kxh6 Kb5
47. Kxg5 a4 48. h4 a3 49. h5 a2 50. h6 a1=Q 51. Kg6 Qh8 52. g5 Qg8+ 53. Kh5 Qf7+
54. Kg4 Qg6 0-1

[Event "AUTO-ADV-1567"]
[Site "http://www.queenalice.com/game.php?id=748845"]
[Date "2010.3.20"]
[Round "2"]
[White "limovsksan"]
[Black "lfcanales"]
[Result "0-1"]
[WhiteElo "1935"]
[BlackElo "1974"]

1. e4 e5 2. Nf3 Nc6 3. d4 Bb4+ 4. c3 Ba5 5. b4 Bb6 6. d5 Nce7 7. Nxe5 d6 8. Nf3
Bg4 9. h3 Bh5 10. a4 a6 11. a5 Ba7 12. Nbd2 Nf6 13. Be2 O-O 14. O-O Ng6 15. Ng5
Bxe2 16. Qxe2 Re8 17. Re1 Nxd5 18. Ne6 Rxe6 19. Qd3 Qf6 20. Nf3 Ndf4 21. Bxf4
Nxf4 22. Qc4 Nxh3+ 23. gxh3 Qxf3 24. Qe2 Qxh3 0-1

[Event "AUTO-ADV-1567"]
[Site "http://www.queenalice.com/game.php?id=748846"]
[Date "2010.3.20"]
[Round "2"]
[White "lfcanales"]
[Black "limovsksan"]
[Result "1-0"]
[WhiteElo "1970"]
[BlackElo "1909"]

1. e4 e5 2. Nf3 d6 3. h3 Nf6 4. Nc3 h6 5. Bc4 c6 6. d4 Qc7 7. d5 b5 8. Bd3 a6 9.
O-O c5 10. Be3 c4 11. Be2 Bd7 12. Nd2 Be7 13. f4 exf4 14. Rxf4 b4 15. Bxc4 Qxc4
16. Nxc4 bxc3 17. b3 g5 18. Rf3 Nxe4 19. Bd4 O-O 20. Qe2 f5 21. Bxc3 Bf6 22.
Bxf6 Rxf6 23. Qe3 Bb5 24. Nb6 Ra7 25. c4 Be8 26. Raf1 Raf7 27. g4 fxg4 28. Rxf6
Nxf6 29. Rxf6 1-0

[Event "AUTO-ADV-1605"]
[Site "http://www.queenalice.com/game.php?id=768008"]
[Date "2010.4.29"]
[Round "2"]
[White "KasparovPadawan"]
[Black "limovsksan"]
[Result "0-1"]
[WhiteElo "1923"]
[BlackElo "1987"]

1. e4 e5 2. Bc4 Nf6 3. Nc3 d6 4. h3 h6 5. d4 Qe7 6. Nf3 c6 7. O-O b5 8. Bd3 a5
9. a3 a4 10. Re1 Qc7 11. d5 Bd7 12. Qe2 Be7 13. dxc6 Bxc6 14. Bxb5 Bxb5 15. Nxb5
Qc8 16. c4 O-O 17. Bd2 Nbd7 18. Bb4 Nc5 19. Rad1 Nfxe4 20. Bxc5 Nxc5 21. Nxd6
Bxd6 22. Rxd6 e4 23. Nd2 Nd3 24. Rb1 f5 25. Qe3 Rb8 26. b4 axb3 27. Rxb3 Rxb3
28. Nxb3 Qxc4 29. Na5 Qc7 30. Qb6 Qc1+ 31. Kh2 Qxa3 32. Nb7 Rb8 33. Rd5 Qe7 34.
Rb5 Kh7 35. Qa7 Qc7+ 36. g3 f4 37. Kg2 f3+ 38. Kh2 Rc8 39. Qe3 Qc6 40. Rb6 Qd5
41. Nd6 Rc2 42. Nxe4 Re2 43. Rd6 Qxd6 44. Nxd6 Rxe3 45. fxe3 g5 46. g4 Kg6 47.
Nc4 Kf6 48. Nd2 Ne5 49. Kg3 Ke6 50. Nxf3 Nxf3 51. Kxf3 Ke5 52. Kg3 Kf6 53. h4
Ke5 54. hxg5 hxg5 55. Kf2 Kd5 56. Ke2 Ke4 57. Kd2 Kf3 58. Kd3 Kxg4 59. Ke4 Kh3
0-1

[Event "AUTO-ADV-1605"]
[Site "http://www.queenalice.com/game.php?id=768009"]
[Date "2010.4.29"]
[Round "2"]
[White "limovsksan"]
[Black "KasparovPadawan"]
[Result "1/2-1/2"]
[WhiteElo "2002"]
[BlackElo "1920"]

1. e4 e5 2. Nf3 d6 3. d4 Nd7 4. dxe5 dxe5 5. a3 h6 6. Nc3 Bc5 7. Bc4 Ngf6 8. h3
O-O 9. O-O a6 10. Nh2 Bd4 11. Ng4 Nxg4 12. Qxg4 Kh8 13. Qg3 Nf6 14. Bd3 Bd7 15.
Ne2 Qe7 16. Nxd4 exd4 17. Qxc7 Rab8 18. e5 Nd5 19. Qd6 Bc6 20. Qxe7 Nxe7 21. Bf4
Nd5 22. Bg3 Rbe8 23. f4 f6 24. Bg6 Re7 25. exf6 gxf6 26. f5 Re2 27. Rf2 Rxf2 28.
Bxf2 Nf4 29. b4 Bxg2 30. Bxd4 Bxh3 31. Kh2 Bg2 32. c3 Bc6 33. Re1 Nxg6 34. fxg6
Kg7 35. Rg1 Re8 36. Rf1 Re6 37. Rg1 Be4 38. a4 Bxg6 39. a5 Kf7 40. Kg3 f5 41.
Kf3 Re4 42. Rh1 h5 43. Rb1 h4 44. Kf2 Rg4 45. b5 h3 46. bxa6 Rg2+ 47. Kf1 bxa6
48. Rb7+ Kg8 49. Rb8+ Kf7 50. Rb7+ Kg8 51. Rb8+ Kf7 52. Rb7+ 1/2-1/2

[Event "AUTO-OPEN-1791"]
[Site "http://www.queenalice.com/game.php?id=772084"]
[Date "2010.5.7"]
[Round "2"]
[White "FOS2006"]
[Black "limovsksan"]
[Result "0-1"]
[WhiteElo "1727"]
[BlackElo "2011"]

1. e4 e5 2. Nf3 d6 3. Be2 Nf6 4. c3 Bd7 5. O-O Nxe4 6. d3 Nf6 7. Bg5 h6 8. Bxf6
Qxf6 9. Nbd2 Be7 10. Ne4 Qg6 11. Nfd2 O-O 12. Bh5 Qh7 13. Qb3 Bc6 14. f4 Nd7 15.
f5 Nf6 16. Nxf6+ Bxf6 17. Nf3 Qxf5 18. g4 Qxd3 19. Kg2 Qe2+ 20. Rf2 Bxf3+ 21.
Kg3 Bh4+ 22. Kxh4 Qxf2+ 23. Kh3 Qg2+ 24. Kh4 Qxh2# 0-1

[Event "AUTO-OPEN-1791"]
[Site "http://www.queenalice.com/game.php?id=772085"]
[Date "2010.5.7"]
[Round "2"]
[White "limovsksan"]
[Black "FOS2006"]
[Result "1-0"]
[WhiteElo "2000"]
[BlackElo "1757"]

1. e4 e5 2. Nf3 d6 3. d4 Nc6 4. d5 Nb8 5. Nc3 c6 6. a3 Be7 7. Bc4 h6 8. h3 b5 9.
Ba2 Bd7 10. O-O a5 11. dxc6 Bxc6 12. Bd5 Qc7 13. Be3 Nf6 14. Bxc6+ Qxc6 15. Nd5
Nxd5 16. Qxd5 Qxd5 17. exd5 O-O 18. c3 Nd7 19. b4 axb4 20. axb4 Rxa1 21. Rxa1
Nf6 22. Ra5 Rb8 23. Ra7 Nxd5 24. Bd2 Bf8 25. g4 Nf4 26. Bxf4 exf4 27. Nd4 Rc8
28. Nxb5 Rb8 29. Nc7 Rc8 30. Nd5 f3 31. Kh2 Kh7 32. Rxf7 Kg6 33. Rxf3 Kg5 34.
Kg3 Kg6 35. h4 Kh7 36. h5 g5 37. hxg6+ Kxg6 38. Nf4+ Kh7 39. Ne6 Kg8 40. Nxf8
Rxf8 41. Rxf8+ Kxf8 42. Kf4 Kf7 43. Kf5 d5 44. b5 Ke7 45. Ke5 Kf7 46. b6 Kg6 47.
b7 Kg5 48. b8=Q Kxg4 49. Kxd5 Kf3 50. Qg3+ Ke2 51. Qe3+ Kf1 52. Qxh6 Kxf2 53.
Qh3 Ke2 54. Kd4 Kf2 55. Kd3 Kg1 56. Qg3+ Kh1 57. Qg8 Kh2 58. Ke3 Kh1 59. Kf2 Kh2
60. Qh7# 1-0

[Event "AUTO-OPEN-1791"]
[Site "http://www.queenalice.com/game.php?id=772098"]
[Date "2010.5.7"]
[Round "2"]
[White "limovsksan"]
[Black "paulogaspar"]
[Result "0-1"]
[WhiteElo "1999"]
[BlackElo "2107"]

1. e4 d6 2. d4 Nf6 3. Nc3 g6 4. Nf3 Bg7 5. Bg5 O-O 6. Bxf6 Bxf6 7. h3 c6 8. e5
Bg7 9. Be2 dxe5 10. dxe5 Bf5 11. Bd3 Bxd3 12. Qxd3 Nd7 13. Rd1 Nxe5 14. Nxe5
Bxe5 15. Qe3 Qc7 16. O-O Bxc3 17. Qxc3 Rfd8 18. Rfe1 Rxd1 19. Rxd1 Rd8 20. Rxd8+
Qxd8 21. Qd3 Qxd3 22. cxd3 f5 23. f4 Kf7 24. Kf2 Ke6 25. Ke3 Kd5 26. b4 b6 27.
a3 b5 28. g3 h5 29. h4 e6 30. Kd2 Kd4 31. Kc2 Ke3 32. Kc3 Kf3 33. Kd4 Kxg3 34.
Ke5 Kxh4 35. Kxe6 Kg4 36. d4 h4 37. Kd6 h3 38. Kxc6 h2 39. d5 h1=Q 40. Kc5 Kxf4
41. Kd6 g5 42. Ke6 Qe4+ 43. Kd6 g4 44. Kc6 g3 0-1

[Event "AUTO-OPEN-1791"]
[Site "http://www.queenalice.com/game.php?id=772099"]
[Date "2010.5.7"]
[Round "2"]
[White "paulogaspar"]
[Black "limovsksan"]
[Result "1-0"]
[WhiteElo "2076"]
[BlackElo "2016"]

1. e4 e5 2. Nf3 d6 3. Bc4 h6 4. Nc3 Nf6 5. O-O c6 6. d4 Qc7 7. dxe5 dxe5 8. a3
b5 9. Be2 a5 10. Be3 b4 11. Na4 c5 12. axb4 axb4 13. b3 Ba6 14. h3 Nxe4 15. Bxa6
Nxa6 16. Qd3 Nf6 17. Rfd1 e4 18. Qb5+ Nd7 19. Ne5 Bd6 20. Nxd7 Qxd7 21. Qxd7+
Kxd7 22. Nb6+ Kc6 23. Nxa8 Rxa8 24. Ra2 Nc7 25. Rxa8 Nxa8 26. Ra1 Nc7 27. Ra7 f5
28. g3 g5 29. Kf1 f4 30. gxf4 gxf4 31. Bc1 h5 32. Ke2 f3+ 33. Kf1 Kd5 34. Be3
Nb5 35. Rh7 Nd4 36. Rxh5+ Kc6 37. Rh6 Nxc2 38. Bf4 1-0

[Event "AUTO-OPEN-1997"]
[Site "http://www.queenalice.com/game.php?id=784330"]
[Date "2010.6.2"]
[Round "1"]
[White "AndreaLM"]
[Black "limovsksan"]
[Result "1-0"]
[WhiteElo "1883"]
[BlackElo "2006"]

1. d4 d5 2. c4 e6 3. Nc3 Bb4 4. cxd5 Bxc3+ 5. bxc3 Qxd5 6. f3 h6 7. e4 Qd7 8.
Rb1 Nf6 9. Ba3 a6 10. Bd3 b5 11. f4 Qc6 12. Qc2 Ng4 13. Nf3 Ne3 14. Qc1 Nc4 15.
Ne5 Nxe5 16. fxe5 Bb7 17. O-O Nd7 18. Rb2 Nb6 19. Rbf2 O-O-O 20. Rxf7 Nc4 21.
Rxg7 Nxe5 22. dxe5 Rxd3 23. Rff7 Rxc3 24. Rxc7+ Qxc7 25. Rxc7+ Rxc7 26. Qe3 Rc4
27. Bd6 Bxe4 28. Qa7 Rc1+ 29. Kf2 Rc2+ 30. Ke3 Rh7 31. Qb8+ Kd7 32. Kxe4 Rc4+
33. Kd3 Kc6 34. Qg8 Rd7 35. Qc8+ Kb6 36. Qxd7 h5 37. Qxe6 Ka5 38. Qxc4 bxc4+ 39.
Kxc4 Kb6 40. e6 Kc6 41. e7 Kxd6 42. e8=Q h4 43. g4 hxg3 44. hxg3 a5 45. a4 Kc7
46. Qe6 Kb7 47. Kc5 Ka7 48. Kc6 1-0

[Event "AUTO-OPEN-1997"]
[Site "http://www.queenalice.com/game.php?id=784331"]
[Date "2010.6.2"]
[Round "1"]
[White "limovsksan"]
[Black "AndreaLM"]
[Result "0-1"]
[WhiteElo "1985"]
[BlackElo "1904"]

1. e4 c5 2. Nf3 d6 3. d4 cxd4 4. Nxd4 Nf6 5. Bd3 a6 6. h3 e5 7. Nf3 Be7 8. Nc3
h6 9. a3 Be6 10. O-O Nbd7 11. Be3 Rc8 12. Qd2 Qc7 13. Rac1 O-O 14. Bxh6 gxh6 15.
Qxh6 Nh7 16. Nh4 Bg5 17. Qh5 Ndf6 18. Qf3 Bxh4 19. Nd5 Bxd5 20. exd5 Bg5 21.
Bxh7+ Nxh7 22. Qh5 Bxc1 23. Rxc1 Qe7 24. Qg4+ Qg5 25. Qd7 Qxc1+ 26. Kh2 Rxc2 0-1

[Event "AUTO-OPEN-1997"]
[Site "http://www.queenalice.com/game.php?id=784358"]
[Date "2010.6.2"]
[Round "1"]
[White "limovsksan"]
[Black "yak1403"]
[Result "1-0"]
[WhiteElo "1997"]
[BlackElo "1657"]

1. e4 e5 2. Nf3 d6 3. d4 f6 4. d5 b6 5. h3 h6 6. Nc3 Ba6 7. Bxa6 Nxa6 8. a3 g5
9. Qe2 Nc5 10. Qb5+ Ke7 11. O-O a6 12. Qc6 b5 13. b4 Kf7 14. bxc5 Ne7 15. Qb7
dxc5 16. Be3 Ng6 17. Qc6 Qd6 18. Qxa8 Be7 19. Qc6 Qxc6 20. dxc6 Bd6 21. Nd5 Ne7
22. Nxe7 Kxe7 23. Nd2 c4 24. a4 Bb4 25. axb5 axb5 26. Ra7 Kd6 27. Ra6 Rd8 28.
Nb1 Bc5 29. Bxc5+ Kxc5 30. c3 Rd6 31. f3 b4 32. Ra5+ Kxc6 33. cxb4 Rd3 34. Rc5+
Kb6 35. Rxc4 c6 36. Rfc1 Rd6 37. Kf2 Kb5 38. g4 c5 39. bxc5 Rc6 40. Na3+ Ka5 41.
Rb1 1-0

[Event "AUTO-OPEN-1997"]
[Site "http://www.queenalice.com/game.php?id=784359"]
[Date "2010.6.2"]
[Round "1"]
[White "yak1403"]
[Black "limovsksan"]
[Result "0-1"]
[WhiteElo "1655"]
[BlackElo "1999"]

1. e4 e5 2. f3 Nf6 3. d3 h6 4. h4 d5 5. a3 d4 6. c3 Nc6 7. g4 Be7 8. c4 a6 9.
Bg2 Nh7 10. g5 hxg5 11. hxg5 Bxg5 12. Nd2 O-O 13. b4 Qf6 14. Nb3 Bh4+ 15. Ke2
Qg6 16. Qf1 Bg5 17. Nh3 Bxc1 18. Rxc1 Bxh3 19. Bxh3 Qg5 20. Qg1 Qxg1 21. Rcxg1
Nf6 22. Bf5 Ne7 23. Rg5 Nxf5 24. Rxf5 Nd7 25. Rfh5 g6 26. Rh8+ Kg7 27. R8h7+ Kf6
28. Nc5 Nxc5 29. bxc5 c6 30. R7h4 Rab8 31. f4 exf4 32. Rxf4+ Kg7 33. Kf3 Rh8 34.
Rxh8 Rxh8 35. e5 Rd8 36. Re4 Kf8 37. e6 fxe6 38. Rxe6 Kf7 39. Re4 Rd7 40. Rh4
Kg7 41. Ke4 Kf6 42. Rf4+ Kg7 43. Ke5 g5 44. Rg4 Kg6 45. Rxg5+ Kxg5 0-1

[Event "AUTO-OPEN-1997"]
[Site "http://www.queenalice.com/game.php?id=784360"]
[Date "2010.6.2"]
[Round "1"]
[White "limovsksan"]
[Black "enzoiazo"]
[Result "1-0"]
[WhiteElo "1988"]
[BlackElo "2097"]

1. e4 e5 2. Nf3 d6 3. h3 f5 4. d3 Nf6 5. Bg5 Be7 6. Nc3 O-O 7. Bxf6 Bxf6 8. Nd5
Nc6 9. c3 f4 10. Qb3 Kh8 11. Nxf6 Qxf6 12. O-O-O Na5 13. Qd5 Nc6 14. Be2 Be6 15.
Qb5 Rfb8 16. a3 a6 17. Qa4 b5 18. Qc2 a5 19. d4 Bf7 20. d5 Ne7 21. Nh2 b4 22.
cxb4 axb4 23. a4 b3 24. Qc4 c6 25. Ng4 Qh4 26. Kb1 cxd5 27. exd5 h5 28. Qc7 Nxd5
29. Qxf7 Nb4 30. Qxb3 e4 31. Bb5 Na6 32. Qe6 Nc5 33. Qxd6 Nxa4 34. Bxa4 Qg5 35.
Ne5 1-0

[Event "AUTO-OPEN-1997"]
[Site "http://www.queenalice.com/game.php?id=784361"]
[Date "2010.6.2"]
[Round "1"]
[White "enzoiazo"]
[Black "limovsksan"]
[Result "0-1"]
[WhiteElo "2114"]
[BlackElo "1966"]

1. d4 d5 2. Nf3 Nc6 3. Bf4 e6 4. e3 Bd6 5. Bxd6 Qxd6 6. c3 Nf6 7. Nbd2 h6 8. Bb5
O-O 9. O-O Bd7 10. Re1 a6 11. Bd3 b5 12. e4 dxe4 13. Nxe4 Nxe4 14. Bxe4 Rab8 15.
Rc1 Na5 16. b3 Bc6 17. Qe2 Bxe4 18. Qxe4 c5 19. Rcd1 c4 20. b4 Nc6 21. a4 bxa4
22. Ra1 Ne7 23. Rxa4 Nd5 24. Qc2 Nf4 25. Qa2 Nd3 26. Re5 Nxe5 27. Nxe5 Qd5 28.
Rxa6 Qe4 29. Qa1 Ra8 30. Rxa8 Rxa8 31. Qc1 Ra2 32. Nxc4 Qe2 33. Ne3 Qxf2+ 34.
Kh1 Re2 0-1

[Event "AUTO-MASTER-1134"]
[Site "http://www.queenalice.com/game.php?id=784423"]
[Date "2010.6.2"]
[Round "1"]
[White "Toru"]
[Black "limovsksan"]
[Result "1-0"]
[WhiteElo "2129"]
[BlackElo "1996"]

1. d4 d5 2. c4 e6 3. Nc3 Bb4 4. Nf3 Bxc3+ 5. bxc3 Nf6 6. e3 Ne4 7. Qc2 h6 8. Bd3
Ng5 9. Ne5 Nc6 10. Nxc6 bxc6 11. c5 a5 12. h4 Ne4 13. Bxe4 dxe4 14. Qxe4 Qd5 15.
Qxd5 cxd5 16. Rb1 Ba6 17. Kd2 O-O 18. Ba3 c6 19. Rb6 Rfc8 20. Rhb1 Bc4 21. R1b2
a4 22. f3 h5 23. Ke1 Bb5 24. Kf2 f6 25. g4 g6 26. Kg3 e5 27. Rb7 e4 28. fxe4
dxe4 29. gxh5 gxh5 30. Kf4 Re8 31. Rg2+ Kf8 32. Rgg7 Bc4 33. Rg6 Re7 34. Rxf6+
Ke8 35. Rxe7+ Kxe7 36. Rxc6 Rf8+ 37. Kxe4 Bxa2 38. Ra6 Bb1+ 39. Kd5 Rf5+ 40. Kc4
Ba2+ 41. Kb5 Bb3 42. c4 Rf3 43. c6+ Kd8 44. Bd6 Ke8 45. Ra8+ 1-0

[Event "AUTO-MASTER-1134"]
[Site "http://www.queenalice.com/game.php?id=784424"]
[Date "2010.6.2"]
[Round "1"]
[White "limovsksan"]
[Black "Toru"]
[Result "0-1"]
[WhiteElo "2008"]
[BlackElo "2120"]

1. e4 c5 2. Nf3 d6 3. d4 cxd4 4. Nxd4 Nf6 5. Bd3 Nc6 6. Nxc6 bxc6 7. Bg5 Qa5+ 8.
Bd2 Qb6 9. Bc3 Bg4 10. f3 Be6 11. Bxf6 gxf6 12. b3 Bh6 13. Nd2 Rg8 14. g3 Bh3
15. Qe2 Qe3 16. Qxe3 Bxe3 17. Ke2 Bxd2 18. Kxd2 Bg2 19. Rhg1 Bxf3 20. Ke3 Bh5
21. h3 e5 22. g4 Bg6 23. Raf1 Ke7 24. a4 h5 25. Ba6 Rab8 26. gxh5 Bxh5 27. Rxg8
Rxg8 28. Kf2 Rg5 29. Bb7 c5 30. a5 f5 31. a6 fxe4 32. Bxe4 f5 33. Bd5 f4 34. Rg1
Rxg1 35. Kxg1 Kf6 36. c3 Be2 37. Bb7 Kf5 38. Kf2 Bh5 39. b4 e4 40. b5 e3+ 41.
Ke1 f3 42. b6 f2+ 43. Kf1 Kf4 44. bxa7 Kg3 0-1

[Event "AUTO-MASTER-1134"]
[Site "http://www.queenalice.com/game.php?id=784437"]
[Date "2010.6.2"]
[Round "1"]
[White "Richardlim"]
[Black "limovsksan"]
[Result "1/2-1/2"]
[WhiteElo "2273"]
[BlackElo "1985"]

1. e4 e5 2. Nf3 d6 3. d4 Qe7 4. d5 Bg4 5. c4 Nf6 6. Nc3 h6 7. b4 Nh7 8. h3 Bxf3
9. Qxf3 Ng5 10. Bxg5 Qxg5 11. a4 Be7 12. b5 b6 13. Be2 Nd7 14. O-O Nc5 15. Bd1
Qf6 16. Qxf6 Bxf6 17. a5 O-O 18. a6 Bg5 19. Bc2 Bd2 20. Ne2 Ba5 21. f4 f6 22. f5
Kh7 23. g4 Rg8 24. Kg2 g6 25. Ng3 Bc3 26. h4 Bxa1 27. Rxa1 gxf5 28. gxf5 Rg7 29.
Kh3 Rag8 30. Ra3 Nd7 31. Bd1 Kh8 32. Bh5 Nc5 1/2-1/2

[Event "AUTO-MASTER-1134"]
[Site "http://www.queenalice.com/game.php?id=784438"]
[Date "2010.6.2"]
[Round "1"]
[White "limovsksan"]
[Black "Richardlim"]
[Result "0-1"]
[WhiteElo "1972"]
[BlackElo "2206"]

1. e4 c5 2. Nf3 d6 3. d4 cxd4 4. Nxd4 Nf6 5. Bb5+ Nbd7 6. Nc3 a6 7. Bxd7+ Bxd7
8. h3 b5 9. b4 e5 10. Nf3 Bc6 11. Bg5 Be7 12. Bxf6 Bxf6 13. Nd5 O-O 14. O-O Bxd5
15. Qxd5 Qc7 16. Rfc1 Rfd8 17. c4 Qb6 18. cxb5 Qxb5 19. Qxb5 axb5 20. a3 Be7 21.
Rc7 Re8 22. Rb7 Rab8 23. Rxb8 Rxb8 24. Rc1 f6 25. Rc7 Kf7 26. Nh4 g6 27. g4 Ra8
28. Rc3 f5 29. Ng2 fxe4 30. Ne3 Ke6 31. Kg2 d5 32. Rc6+ Bd6 33. Rb6 d4 34. Nc2
Rc8 35. Na1 Rc3 36. Rxb5 d3 37. f3 d2 38. fxe4 d1=Q 39. Rd5 Qe2+ 0-1

[Event "AUTO-MASTER-1134"]
[Site "http://www.queenalice.com/game.php?id=784447"]
[Date "2010.6.2"]
[Round "1"]
[White "limovsksan"]
[Black "Elcid"]
[Result "0-1"]
[WhiteElo "2001"]
[BlackElo "2020"]

1. e4 c5 2. Nf3 Nc6 3. d4 cxd4 4. Nxd4 g6 5. Nxc6 bxc6 6. Bd3 Bg7 7. O-O Nf6 8.
Nc3 d6 9. Bg5 O-O 10. h3 Rb8 11. Rb1 Nd7 12. Bd2 Nc5 13. f4 d5 14. e5 Nxd3 15.
cxd3 Bf5 16. Qe2 Qb6+ 17. Kh1 Qa6 18. Rf3 d4 19. Nd1 Rb7 20. a3 c5 21. g4 Bd7
22. Kg1 Bc6 23. Rf1 Bd5 24. Kh2 Rb3 25. Nf2 g5 26. f5 c4 27. Bb4 cxd3 28. Qe1
Re8 29. Qd2 Bxe5+ 30. Kg1 Bf4 31. Qd1 d2 32. Qc2 Rg3+ 0-1

[Event "AUTO-MASTER-1134"]
[Site "http://www.queenalice.com/game.php?id=784448"]
[Date "2010.6.2"]
[Round "1"]
[White "Elcid"]
[Black "limovsksan"]
[Result "1-0"]
[WhiteElo "2043"]
[BlackElo "1986"]

1. d4 d5 2. c4 e6 3. Nf3 Bb4+ 4. Bd2 Bxd2+ 5. Nbxd2 Nf6 6. g3 Nc6 7. Bg2 O-O 8.
O-O h6 9. Qc2 Nb4 10. Qb3 Nc6 11. e3 Ne4 12. Nxe4 dxe4 13. Nd2 f5 14. f3 Na5 15.
Qc2 b6 16. b4 Nc6 17. b5 Nb4 18. Qc3 a5 19. fxe4 fxe4 20. Bxe4 Rxf1+ 21. Rxf1
Rb8 22. a3 Na2 23. Qc2 Qg5 24. Qxa2 Qxe3+ 25. Rf2 Qxd4 26. Bb1 Bb7 27. Qc2 Be4
28. Nxe4 Rd8 29. Kg2 Qe5 30. Nf6+ gxf6 31. Qh7+ Kf8 32. Bg6 1-0